000 00354nam a2200133Ia 4500
008 240624s9999 xx 000 0 und d
041 _aeng
082 _a658.3008 CUR
100 _aCURTIS BILL
245 _aPEOPLE CAPABAILITY MATURITY GUIDELINES F
260 _c2004
_aDelhi
_bPearson Education
300 _axx, : 587 : p. : cm. ; 24
365 _cRS
_b31.5
999 _c1756
_d1756